00367nam a2200145Ia 45000030006000000080041000060400015000471000021000622450063000832500006001462600032001523000006001845460014001900050017002040STCL150530s9999 xx 000 0 und d aSTCLcSTCL aSankaranunni, K. aAnthappayiyuteyum Mundasseriyuteyum Sahityapakshapathangal a1 bVallathol Vidyapeedamc2006 a0 aMalayalam20220125171727.0